00418nam a2200145 u 450000100100000000500170001000800410002704000250006808200160009324500350010926000630014430000270020750000210023499900170025500002072720200930011143.0100813s19uu dr r 001 0 spa d aDO-SdBNPbspacBPJMD axxxxbC334J00a" A la casa Jehová iresmos". a[Santo Domingo] :bEscuela Biblica de Vacaciones,c[190?]. a14 p. :bil. ;c22 cm. aLibro del alumno c20231d20231